| 000 | 00521nam a2200193 a 4500 | ||
|---|---|---|---|
| 001 | BRCA_7138 | ||
| 005 | 20190320205727.0 | ||
| 008 | 110112s1910----gw-ao#####---#000-0#ger-# | ||
| 041 | _ager | ||
| 044 | _agw | ||
| 050 | 4 |
_aPT2638 .U82 _bL54 1910 |
|
| 100 | 1 |
_aSchumacher, Heinrich Vollrat _917726 |
|
| 245 | 1 | 0 |
_aLiebe und Leben der Lady Hamilton _cvon Heinrich Vollrat Schumacher. |
| 260 |
_aBerlĂn _bRich Bong _cc1910 |
||
| 300 |
_a430 p. _bil., retratos _c21 cm. |
||
| 500 | _aP26 | ||
| 902 | _aGFM | ||
| 942 |
_2lcc _cB |
||
| 999 |
_c6819 _d6819 |
||